Dobývání znalostí z databází

Salvato in:
Dettagli Bibliografici
Autore principale: Berka, Petr, 1959-
Natura: Libro
Lingua:ceco
Pubblicazione: Praha Academia 2003
Edizione:Vyd. 1.
Soggetti:
Accesso online:Visualizza in OPAC
Tags: Aggiungi Tag
Nessun Tag, puoi essere il primo ad aggiungerne!!

MARC

LEADER 00000nam a2200000 a 4500
005 20260127133926.0
008 040216s2003 xr a gr 011 0 cze c
020 |a 8020010629  |c 369.00 
035 |a vtls008591144 
035 |a SAVUKc184029 
039 9 |a 200603310947  |b mschk03  |y 200602032344  |z VLOAD 
040 |a SAVUK  |b slo  |c SNK  |d STUSCHK1  |e AACR2 
041 1 |a cze 
044 |a xr  |c CZ 
080 |a 004.65 
100 1 |a Berka, Petr,  |d 1959-   |9 1049 
245 1 0 |a Dobývání znalostí z databází  |c Petr Berka 
250 |a Vyd. 1. 
260 |a Praha  |b Academia  |c 2003 
300 |a 366 s.  |b obr., sch., tab.  |e 1 CD ROM 
504 |a Literatúra, register 
653 1 |a databázové systémy 
910 |a savuk 
910 |a SCHK95 
919 |a 80-200-1062-9 
999 |c 175  |d 175